00695nab a2200205 uc450000100070000000500170000700800410002403500110006503500210007604000130009704100080011010000400011824501010015865000290025965000240028865000170031265000130032970000440034277301030038618850620240201130057.0980529e19970901 spa  a188506 a(OCoLC)819762746 ccomduadb aspa10aSanonfre Llorens, Vicente4auteaut10aComportamiento de la membrana celular excitable. Diseño y realizacion de un circuito simulador aCircuitos electrónicos aMembranas celulares aSimulación aDiseño10aAviles Martinez, Maria Isabel4auteaut0 tMundo Electrónico (Barcelona)gNúmero 279, Septiembre 1997, p. 46-51w107541x0300-3787089805